| 000 | 00406nam a2200145Ia 4500 | ||
|---|---|---|---|
| 008 | 210210b1988 xxu||||| |||| 00| 0 eng d | ||
| 082 | _a338.954 DHII | ||
| 100 | _aDHINGRA (I C). | ||
| 245 | _aIndian economics: resources planning development and problems. Rev Ed 5 | ||
| 250 | _a | ||
| 260 |
_aNew Delhi _bSultan Chand & Sons _c1988 |
||
| 300 | _axvi,909 | ||
| 690 | _aIndian Economics | ||
| 906 | _a041292 | ||
| 999 |
_c91036 _d91036 |
||